Music Quiz

Random Music or Song Quiz

Disney Song By Lyric Quiz Stats

 Plays Quiz not verified by Sporcle

Challenge
Share
Tweet
Embed
Score 0/20 Timer 10:00
0 Plays Today
Lyric Song or Movie % Correct
Each little snail here, know how to wail here, that's why it's hotter under the waterUnder the Sea
98.1%
It's our problem free philosophyHakuna Matata
96.2%
Out of service, Out of Africa, I wouldn't hang about!I Just Can't Wait to be King
95.3%
What would I give if I could live up on the sandPart of Your World
90.6%
Course by course, one by one, till you shout 'Enough, I'm Done!'Be Our Guest
88.7%
The simple [song title] of lifeBare Necessities
87.7%
But when we come home in victory they'll be lined up at the door. *What do we want?* [song title]A Girl Worth Fighting For
85.8%
Everybody digs a swingin' catEv'rybody Wants to be a Cat
85.8%
[movie title] and Little John were walking through the forestOo-de-lally
84%
[song title] for what *For the Death of the king* Why? Is he sick? *No, you fool, we're going to kill him!*Be Prepared
84%
Lyric Song or Movie % Correct
[song title] your dreams come true.When You Wish Upon a Star
83%
Where Chaos reigned and earthquakes and volcanoes never sleptThe Gospel Truth
80.2%
Ho Hum the tune is dumb and the words don't mean a thingA Silly Song
73.6%
Willy, Nilly, Silly, Old BearThe Many Adventures of Winnie the Pooh
69.8%
Drip Drip Drop little [song title]April Shower
65.1%
Though I think he's rather tastyOne Step
61.3%
When the moment has passed, will that friendship last?Best of Friends
61.3%
She runs around in circles till she's very, very dizzy...Cinderella
58.5%
Shines in the night for youThe Second Star to the Right
46.2%
My love for you will always burnCandle on the Water
38.7%

You're not logged in!

Compare scores with friends on all Sporcle quizzes.
Join for Free
OR
Log In

You Might Also Like...

Show Comments

Extras

Created Jul 13, 2012ReportNominate
Tags:Disney Quiz, Song Quiz, sung

Top Quizzes Today


Score Distribution

Your Account Isn't Verified!

In order to create a playlist on Sporcle, you need to verify the email address you used during registration. Go to your Sporcle Settings to finish the process.

Report this User

Report this user for behavior that violates our Community Guidelines.

Details: